| 000 | 01211nam2a2200253 4500 | ||
|---|---|---|---|
| 001 | rc\3057458 | ||
| 005 | 20260315070423.0 | ||
| 035 | _a(NLR Aleph) 007196470 | ||
| 090 |
_a13626623 _c13626623 |
||
| 100 | _a20111013d1939 u y0rusy50 ca | ||
| 101 | 0 | _arus | |
| 102 | _aRU | ||
| 105 | _aa z ||||| | ||
| 200 | 0 | _a№ 18 | |
| 210 | _d1939 | ||
| 215 |
_a92 с. _cил., табл., черт., граф. |
||
| 300 | _aНа обороте тит. л.: Отв. ред. М.Я. Телегин | ||
| 461 | 0 |
_1001rc\3057442 _12000#$aНовости дорожной техники$eСборник N 3-$fНКВД-Гушоссдор. Центр. науч.-исслед. ин-т автогужевых дорог и дорожных машин (ЦДОРНИИ)$v№ 18 _97589473 _cМосква _d1936 _fНКВД-Гушоссдор. Центр. науч.-исслед. ин-т автогужевых дорог и дорожных машин (ЦДОРНИИ) _nГострансиздат _oСборник N 3- _tНовости дорожной техники _v№ 18 |
|
| 702 | 1 |
_aТелегин _bМ.Я. _4340 |
|
| 801 | 0 |
_aRU _bNLR _gpsbo |
|
| 801 | 1 |
_aRU _bELAR _2rusmarc |
|
| 852 |
_aNLR _j36-17/242 |
||
| 942 | _cUNSPEC | ||
| 980 | _aNB | ||